The application of magic in the catering and hotel industry

Bibliographic Details
Main Author: Németh Gábor László
Other Authors: Cservák Dr György
Format: Thesis
Kulcsszavak:Catering
Hotel
Magic
Conjuring
Cruise
Online Access:http://dolgozattar.uni-bge.hu/2850

MARC

LEADER 00000nta a2200000 i 4500
001 dolg2850
005 20151212110125.0
008 150513suuuu hu om 000 eng d
040 |a BGE Dolgozattár Repozitórium  |b hun 
041 |a en 
100 1 |a Németh Gábor László 
245 1 4 |a The application of magic in the catering and hotel industry  |c Németh Gábor László  |h [elektronikus dokumentum] 
246 1 1 |a The application of magic in the catering and hotel industry 
520 3 |a This dissertation was designed to give a quice glace of the connection of the caterng and hotel industry to the entertainement industry by focusing on the non-revenue generating factors by applying first handed experiences and statistical data 
695 |a Catering  
695 |a Hotel 
695 |a Magic 
695 |a Conjuring 
695 |a Cruise 
700 1 |a Cservák Dr György  |e ths 
856 4 0 |u http://dolgozattar.uni-bge.hu/2850/1/Dissertation.pdf  |z Dokumentum-elérés